India and China markets - competitors - partners /

Bibliographic Details
Main Author: Rudolf, Moritz.
Corporate Author: ProQuest (Firm)
Format: Electronic eBook
Language:English
Published: Hamburg : Diplomica Verlag, 2011.
Subjects:
Online Access:Click to View
LEADER 01283nam a2200349 a 4500
001 EBC774194
003 MiAaPQ
005 20200520144314.0
006 m o d |
007 cr cn|||||||||
008 120111s2011 gw sb 000 0 eng d
020 |z 9783842856035 
020 |a 9783842806030 (electronic bk.) 
035 |a (MiAaPQ)EBC774194 
035 |a (Au-PeEL)EBL774194 
035 |a (CaPaEBR)ebr10519129 
035 |a (OCoLC)754582605 
040 |a MiAaPQ  |c MiAaPQ  |d MiAaPQ 
043 |a a-ii---  |a a-cc--- 
050 4 |a HF1590.15.C6  |b R83 2011 
100 1 |a Rudolf, Moritz. 
245 1 0 |a India and China  |h [electronic resource] :  |b markets - competitors - partners /  |c Moritz Rudolf. 
260 |a Hamburg :  |b Diplomica Verlag,  |c 2011. 
300 |a 98 p. 
500 |a Title from cover. 
504 |a Includes bibliographical references. 
533 |a Electronic reproduction. Ann Arbor, MI : ProQuest, 2015. Available via World Wide Web. Access may be limited to ProQuest affiliated libraries. 
651 0 |a India  |x Foreign economic relations  |z China. 
651 0 |a China  |x Foreign economic relations  |z India. 
655 4 |a Electronic books. 
710 2 |a ProQuest (Firm) 
856 4 0 |u https://ebookcentral.proquest.com/lib/matrademy/detail.action?docID=774194  |z Click to View